000 00843nam a22002535a 4500
001 002657
003 armpunfd
005 20140612090711.0
008 130405s2012####ag############000#0#und#d
022 _a2250-7574
040 _aarmpunfd
_carmpunfd
080 _a340.12 D 444
100 1 _aRuiz Alicia E.
245 1 0 _aFilosofia del derecho :
_bCuestiones epistemologicas y normativas. Discusiones, notas y reseñas /
_cRuiz Alicia E.; Zuleta, Hugo R. (Directores).
260 _aBuenos Aires :
_bMinisterio de Justicia y Derechos Humanos de la Nacion,
_c2012.
300 _a247 p.
440 0 _aFilosofia del Derecho ;
_vAño 1 Numero 2
650 7 _acrimenes de lesa humanidad
_2LEMB
650 7 _aFilosofia del Derecho
_2LEMB
700 1 _aZuleta, Hugo R.
942 _c
_2cdu
945 _asa
_d2013-04-05
945 _asa
_d2013-04-05
999 _c2546
_d233050